| 000 | 01225nam a2200361 i 4500 | ||
|---|---|---|---|
| 001 | 4874916 | ||
| 003 | EG-ScBUE | ||
| 005 | 20240627124804.0 | ||
| 008 | 920319s1992 sa ab f b 001 0 eng d | ||
| 020 | _a1868123618 | ||
| 020 | _a9781868123612 | ||
| 040 |
_aDLC _beng _cDLC _dEG-ScBUE |
||
| 043 | _af-sa--- | ||
| 082 | 0 | 4 |
_a968 _bNEW _222 |
| 245 | 0 | 2 |
_aA new illustrated history of South Africa / _cgeneral editor, Trewhella Cameron, advisory editor, S. B. Spies. |
| 250 | _aSecond edition. | ||
| 250 | _aRevised edition. | ||
| 264 | 1 |
_aJohannesburg : _bSouthern Book Publishers ; _aCape Town : _bHuman & Rousseau, _c1992. |
|
| 300 |
_a328 pages : _billustrations (some color), maps ; _c29 cm |
||
| 336 |
_2rdacontent _atext _btxt |
||
| 337 |
_aunmediated _2rdamedia _bn |
||
| 338 |
_avolume _bnc _2rdacarrier |
||
| 504 | _aIncludes bibliographical references and index. | ||
| 650 | _2BUEsh | ||
| 651 | 7 |
_aSouth Africa _xHistory. _2BUEsh |
|
| 653 |
_bBUSBOL _bGGEN _cMay2018 |
||
| 655 | _vReading book | ||
| 700 | 1 |
_aCameron, Trewhella, _eeditor. |
|
| 700 | 1 |
_aSpies, S. B., _eeditor. |
|
| 740 | 0 | _aIllustrated history of South Africa. | |
| 942 |
_2ddc _cBB |
||
| 999 |
_c26766 _d26738 |
||